|
|
|
|
| LEADER |
00000nam a2200000 a 4500 |
| 001 |
vtls001414088 |
| 003 |
SK-MaSNL |
| 005 |
20260302001507.0 |
| 008 |
010530s1931 xr 0000e cze |
| 035 |
|
|
|a SNK000368813
|
| 040 |
|
|
|a SNK
|b slo
|c SNK
|e AACR2
|
| 041 |
1 |
|
|a cze
|h fre
|
| 044 |
|
|
|a xr
|c CZ
|
| 072 |
|
7 |
|a 82.0
|x Literatúra (teória)
|2 konspekt
|
| 080 |
|
|
|a 82.0
|2 2011
|
| 080 |
|
|
|a (0:82-4)
|2 2011
|
| 100 |
1 |
|
|a Valéry, Paul,
|d 1871-1945
|4 aut
|9 118604
|
| 245 |
1 |
|
|a Literatura
|c Paul Valéry ; Přeložil J. M. Kvapil
|
| 260 |
|
|
|a V Praze
|b Nakladatel Adolf Synek
|c 1931
|e V Praze
|f Vystiskli Neuber, Pour a spol.
|
| 300 |
|
|
|a 28 strán, 3 nečíslované strany
|c 19x13 cm
|
| 490 |
1 |
|
|a Omnia : malé práce velkých autorů / rediguje V. Řezáče
|v Svazek 16.
|
| 650 |
0 |
7 |
|a teória literatúry
|2 SNKPH
|9 1238
|
| 650 |
0 |
7 |
|a Theory of literature
|2 SNKPHeng
|9 283113
|
| 655 |
|
7 |
|a úvahy
|2 SNKPH
|9 29403
|
| 655 |
|
7 |
|a Essays
|2 SNKPHeng
|9 267540
|
| 655 |
|
7 |
|a postrehy
|2 SNKPH
|9 637502
|
| 700 |
1 |
|
|a Kvapil, J.M.
|4 trl
|9 637503
|
| 700 |
1 |
|
|a Řezáč, Václav,
|d 1901-1956
|4 red
|9 147812
|
| 752 |
|
|
|a Česko
|d Praha
|
| 830 |
|
0 |
|a Omnia
|9 290935
|
| 852 |
|
|
|a Štátna vedecká knižnica v Banskej Bystrici
|b Fond starých a vzácnych dokumentov
|p O 3624
|
| 958 |
|
|
|a SKR
|
| 958 |
|
|
|a DG
|
| 999 |
|
|
|c 984079
|d 986009
|
| 952 |
|
|
|t P60, <04>, [BOOK], {604}
|a SNK
|b SNK
|y VYP
|7 0
|p 17A0301458
|o snkID 27248
|0 0
|1 0
|4 0
|d 2001-05-30
|l 0
|r 2005-01-02 00:00:00
|w 2026-02-24
|